Láska a Tieň poviedka

Bibliographic Details
Main Author: Filipp, Jozef Leonard, 1942- (Author)
Format: Book
Language:Slovak
PhysicalDescription:13 s. 15 cm
Published: [Košice] Idea 1996
ISBN:8096712845
Subjects:

MARC

LEADER 00000nam a2200000 a 4500
001 vtls001277651
003 SK-MaSNL
005 20260301004158.0
008 240226s1996 xo g 000 j slo
015 |a SNBA1997/0601629 
020 |a 8096712845 
035 |a SNK000228923 
035 |a urn:nbn:sk:snk-am3hodq 
035 |a 6061570B-5612-4C26-BA97-689687B134B9 
035 |a urn:nbn:sk:snk-am00cvbi 
040 |a SNK  |b slo  |c SNK  |e AACR2 
041 0 |a slo 
044 |a xo  |c SK 
080 |a 885.4-3  |2 1981 
100 1 |a Filipp, Jozef Leonard,  |d 1942-  |4 aut  |9 244814 
245 1 0 |a Láska a Tieň  |b poviedka  |c Jozef Leonard Filipp 
260 |a [Košice]  |b Idea  |c 1996 
300 |a 13 s.  |c 15 cm 
500 |a Ilustr. na tit. strane 
650 0 7 |a slovenská literatúra  |2 SNKPH  |9 1115 
655 7 |a slovenské poviedky  |2 SNKPH  |9 70226 
919 |a 80-967128-4-5 
954 |a beletria pôvodná (slovenská)  |2 lita 
958 |a TL 
958 |a SK 
958 |a LX 
999 |c 541406  |d 543336 
952 |t P60, <03>, [BOOK], {603}  |a SNK  |b SNK  |y PREZ  |7 0  |p 17A0052079  |o snkSE 9233  |i snkKSP 2213/97  |0 0  |1 0  |4 0  |d 1997-02-27  |f 1  |l 0  |r 2005-01-02 00:00:00  |w 2026-02-23 
952 |t P60, <04>, [BOOK], {604}  |a SNK  |b SNK  |y VYP  |7 0  |p 17A0052080  |o snkSE 9233 D1  |i snkKSP 2214/97  |0 0  |1 0  |4 0  |d 1997-02-27  |l 0  |r 2005-01-02 00:00:00  |w 2026-02-23 
952 |t P60, <09>, [BOOK], {629}  |a SNK  |b SNK  |y NEVYP  |7 0  |o snkE 27  |i snk917/970228  |0 0  |1 0  |4 0  |d 1997-02-27  |l 0  |r 2005-01-02 00:00:00  |w 2026-02-23